000 00207 a2200097 4500
001 11123
100 _aSymonds, R.
245 _aThe Making of Pakistan
260 _a
_bFaber & Faber
_c
090 _c8678
_d8678
942 _aNUST-CAE
_cM
_c35464
999 _c246196
_d246196